The Raven Cycle Trivia - Statistics

General Stats
  • This quiz has been taken 99 times
  • The average score is 11 of 14
Answer Stats
Hint Character % Correct
Loves boat shoes and mint leaves Gansey
99%
Buzzcut and raven tattoo Ronan Lynch
95%
Older brother of above^ Declan Lynch
88%
Younger brother of above^ Matthew Lynch
85%
Deceased father of above^ Niall Lynch
81%
The psychic's daughter Blue Sargent
80%
Sister of above^ Helen
80%
Magical forest Cabeswater
79%
Town in which the book takes place Henrietta
79%
Welsh king Owen Glendower
79%
Ghostly friend Noah Czerny
78%
Mother of above^ Maura Sargent
76%
Driver of the Honda-yota Adam Parrish
73%
Assassin/mercenary Gray Man
48%
No matching quizzes found
Score Distribution
Percent of People with Each Score
Percentile by Number Answered
Your Score History
You have not taken this quiz